ਤਾਰਿਆ ਵੇ ਤੇਰੀ ਲੋਅ / (Record no. 79815)

MARC details
000 -LEADER
fixed length control field 00766nam a22002417a 4500
005 - DATE AND TIME OF LATEST TRANSACTION
control field 20131004142318.0
008 - FIXED-LENGTH DATA ELEMENTS--GENERAL INFORMATION
fixed length control field 090728t xxu||||| |||| 00| 0 pun d
010 ## - LCCN (DPL NO)
LC control number PUN-7567
020 ## - INTERNATIONAL STANDARD BOOK NUMBER
Terms of availability 175.00
International Standard Book Number 9788186745458
035 ## - SYSTEM CONTROL NUMBER
System control number PN-6685
037 ## - SOURCE OF ACQUISITION
Source of stock number/acquisition DBAD / PUB
037 ## - SOURCE OF ACQUISITION
Source of stock number/acquisition Satwant Book Agency
040 ## - CATALOGING SOURCE
Original cataloging agency dpl
Language of cataloging pn
082 ## - DEWEY DECIMAL CLASSIFICATION NUMBER
Classification number
100 ## - MAIN ENTRY--PERSONAL NAME
Personal name ਹਰਭਜਨ ਸਿੰਘ ਕੋਮਲ
245 ## - TITLE STATEMENT
Title ਤਾਰਿਆ ਵੇ ਤੇਰੀ ਲੋਅ /
Statement of responsibility, etc ਹਰਭਜਨ ਸਿੰਘ ਕੋਮਲ
246 ## - VARYING FORM OF TITLE
Title proper/short title Taariya ve teri lo
Remainder of title by Harbhajan Singh Komal
260 ## - PUBLICATION, DISTRIBUTION, ETC. (IMPRINT)
Place of publication, distribution, etc New Delhi
Name of publisher, distributor, etc Satwant Book Agency
Date of publication, distribution, etc 2012
270 ## - ADDRESS
City New Delhi
300 4# - PHYSICAL DESCRIPTION
Extent 128p.
Dimensions 22ਸੇਂਮੀ (ਸਜਿਲੱਦ)
942 ## - ADDED ENTRY ELEMENTS (KOHA)
Source of classification or shelving scheme Dewey Decimal Classification
Item type Punjabi Bks
Classification part
Call number suffix ਹਰਭ
Holdings
Withdrawn status Lost status Source of classification or shelving scheme Damaged status Not for loan Home library Current library Date acquired Source of acquisition Cost, normal purchase price Total Checkouts Full call number Barcode Date last seen Copy number Cost, replacement price Koha item type
    Dewey Decimal Classification     D.B.Act.Division D.B.Act.Division 04/10/2013 DBAD 175.00   ਕ ਹਰਭ PN-6685 04/10/2013 1 175.00 Punjabi Bks

© Delhi Public Library
Hit Counter
free hit counter